000 00900nam a22002057a 4500
999 _c9175
_d9175
003 AR-CdUCM
008 190327b ||||| |||| 00| 0 spa d
040 _aMUNICIPALIDAD PROVINCIAL DEL CUSCO
_cBIBLIOTECA MUNICIPAL DEL CUSCO
082 _a343.334 /
_bAP64
110 _aDefensoría del pueblo.
_97001
245 _aAportes para una política nacional de educación intercultural biblingüe a favor de los pueblos indígenas del Perú /
260 _aLima :
_bDefensoría del Pueblo,
_c2011
300 _a548 paginas ;
_c21 cm.
505 _aContenido :El derecho a la EIB -- Los sujetos de derecho de la EIB -- Políticas publicas para la EIB -- Resultados de la supervisión: disponibilidad de docentes para la EIB ...
650 _aPolítica gubernamental
_925230
650 _aEducación multicultural
_97894
650 _aEducación bilingüe
_922011
942 _2ddc
_cLIBROS
945 _arum